[Event "UK Armed Services Championship"]
[Site "Wittering"]
[Date "2024.04.05"]
[Round "1.1"]
[White "Onley, David E"]
[Black "Rai, Rabindra"]
[Result "1-0"]
[WhiteElo "2156"]
[BlackElo "1462"]
[PlyCount "77"]
[EventDate "2024.04.05"]
[EventType "swiss"]
[EventRounds "7"]
[EventCountry "ENG"]
[SourceTitle "BritBase"]
[Source "John Saunders"]
[SourceDate "2024.05.09"]
[SourceVersion "1"]
[SourceVersionDate "2024.04.06"]
[SourceQuality "1"]

1. e4 e6 2. d4 Nf6 3. Bd3 d6 4. Nf3 Nc6 5. c3 a6 6. O-O Be7 7. Qe2 O-O 8. Na3
Ng4 9. h3 Nf6 10. Nc2 b5 11. a4 b4 12. e5 Ne8 13. Qe4 g6 14. Qxc6 Bd7 15. Qe4
f5 16. exf6 Nxf6 17. Qe2 a5 18. Bh6 Rf7 19. Ng5 Qc8 20. Nxf7 Kxf7 21. Ne3 c5
22. Nc4 Rb8 23. Rfe1 Nd5 24. Qf3+ Ke8 25. Bg5 Bc6 26. Qg3 Qd7 27. dxc5 Bxg5 28.
Nxd6+ Kf8 29. Qxg5 Ne7 30. Qf6+ Kg8 31. Nf7 Nf5 32. Bxf5 Qxf7 33. Bxe6 Be8 34.
Rad1 Kf8 35. Qh8+ Ke7 36. Bg4+ Qe6 37. Rxe6+ Kf7 38. Qf6+ Kg8 39. Re7 1-0

[Event "UK Armed Services Championship"]
[Site "Wittering"]
[Date "2024.04.05"]
[Round "1.2"]
[White "Tucker, Andrew"]
[Black "Tenin, Alex"]
[Result "0-1"]
[WhiteElo "1461"]
[BlackElo "2061"]
[PlyCount "38"]
[EventDate "2024.04.05"]
[EventType "swiss"]
[EventRounds "7"]
[EventCountry "ENG"]
[SourceTitle "BritBase"]
[Source "John Saunders"]
[SourceDate "2024.05.09"]
[SourceVersion "1"]
[SourceVersionDate "2024.04.06"]
[SourceQuality "1"]

1. e4 e5 2. f3 Bc5 3. Ne2 Nc6 4. Nbc3 d6 5. d3 f5 6. Na4 f4 7. Nxf4 exf4 8.
Nxc5 Qh4+ 9. Ke2 Nd4+ 10. Kd2 Qf2+ 11. Kc3 Nb5+ 12. Kb4 Qxc5+ 13. Kb3 Be6+ 14.
c4 Nd4+ 15. Kc3 a5 16. a3 Qe5 17. Kd2 a4 18. Kc3 Qa5+ 19. Kxd4 Qe5# 0-1

[Event "UK Armed Services Championship"]
[Site "Wittering"]
[Date "2024.04.05"]
[Round "1.4"]
[White "Brown, William"]
[Black "Parker, Glen D"]
[Result "0-1"]
[WhiteElo "1450"]
[BlackElo "2039"]
[PlyCount "66"]
[EventDate "2024.04.05"]
[EventType "swiss"]
[EventRounds "7"]
[EventCountry "ENG"]
[SourceTitle "BritBase"]
[Source "John Saunders"]
[SourceDate "2024.05.09"]
[SourceVersion "1"]
[SourceVersionDate "2024.04.06"]
[SourceQuality "1"]

1. e4 e5 2. Nf3 Nc6 3. Bc4 Nf6 4. d3 Bc5 5. h3 d5 6. exd5 Nxd5 7. Bg5 f6 8. Bh4
Be6 9. Qd2 Qd7 10. a3 O-O-O 11. Nc3 Nf4 12. O-O-O Bxc4 13. dxc4 Qe6 14. Nd5
Nxg2 15. Bg3 g5 16. h4 g4 17. Ne1 Nxe1 18. Rhxe1 h5 19. c3 Na5 20. Qe2 c6 21.
b4 cxd5 22. cxd5 Rxd5 23. Rxd5 Qxd5 24. Rd1 Qb3 25. Qb2 Rd8 26. Rxd8+ Kxd8 27.
Qxb3 Nxb3+ 28. Kc2 Nd4+ 29. cxd4 Bxd4 30. Kd3 Kd7 31. Ke4 Ke6 32. a4 f5+ 33.
Kd3 Kd5 0-1

[Event "UK Armed Services Championship"]
[Site "Wittering"]
[Date "2024.04.05"]
[Round "1.5"]
[White "Tucker, David S"]
[Black "Peacock, Christopher"]
[Result "1-0"]
[WhiteElo "1949"]
[BlackElo "1436"]
[PlyCount "65"]
[EventDate "2024.04.05"]
[EventType "swiss"]
[EventRounds "7"]
[EventCountry "ENG"]
[SourceTitle "BritBase"]
[Source "John Saunders"]
[SourceDate "2024.05.09"]
[SourceVersion "1"]
[SourceVersionDate "2024.04.06"]
[SourceQuality "1"]

1. e4 c6 2. d4 d5 3. exd5 cxd5 4. Bd3 Nf6 5. c3 e6 6. Nf3 Bd6 7. O-O O-O 8. Bg5
h6 9. Bh4 Nbd7 10. Re1 Qb6 11. Qc2 Re8 12. Nbd2 Qc7 13. Bg3 Bxg3 14. hxg3 b6
15. Re2 Nf8 16. Rae1 Bd7 17. Ne5 Rac8 18. Ndf3 Kh8 19. Nxf7+ Kg8 20. N7e5 b5
21. Nxd7 Qxd7 22. Ne5 Qb7 23. Ng6 b4 24. Nxf8 Kxf8 25. Bg6 Re7 26. Rxe6 Rxe6
27. Rxe6 Qd7 28. Bf5 Qf7 29. Rxf6 Qxf6 30. Bxc8 Qd8 31. Qf5+ Qf6 32. Qxf6+ gxf6
33. cxb4 1-0

[Event "UK Armed Services Championship"]
[Site "Wittering"]
[Date "2024.04.05"]
[Round "1.6"]
[White "Searle, Tristan"]
[Black "Portman, Carl S"]
[Result "0-1"]
[WhiteElo "1424"]
[BlackElo "1913"]
[PlyCount "56"]
[EventDate "2024.04.05"]
[EventType "swiss"]
[EventRounds "7"]
[EventCountry "ENG"]
[SourceTitle "BritBase"]
[Source "John Saunders"]
[SourceDate "2024.05.09"]
[SourceVersion "1"]
[SourceVersionDate "2024.04.06"]
[SourceQuality "1"]

1. e4 c5 2. c3 d5 3. Nf3 e6 4. Bb5+ Bd7 5. Bxd7+ Qxd7 6. exd5 Qxd5 7. O-O Nc6
8. d4 Nf6 9. Be3 O-O-O 10. a3 e5 11. Nbd2 exd4 12. cxd4 cxd4 13. Bg5 Be7 14.
Rc1 h6 15. Bf4 Bd6 16. Bxd6 Rxd6 17. Nc4 Re6 18. Nce5 Rxe5 19. Nxe5 Qxe5 20.
Qa4 Kb8 21. Qb3 Qd5 22. Qg3+ Ka8 23. Qxg7 Rg8 24. Qxg8+ Nxg8 25. Rfe1 Nge7 26.
b4 d3 27. Rc5 d2 28. Rd1 Qb3 0-1

[Event "UK Armed Services Championship"]
[Site "Wittering"]
[Date "2024.04.05"]
[Round "1.7"]
[White "Bradley, William"]
[Black "Eades, Laurence"]
[Result "1-0"]
[WhiteElo "1901"]
[BlackElo "1409"]
[PlyCount "31"]
[EventDate "2024.04.05"]
[EventType "swiss"]
[EventRounds "7"]
[EventCountry "ENG"]
[SourceTitle "BritBase"]
[Source "John Saunders"]
[SourceDate "2024.05.09"]
[SourceVersion "1"]
[SourceVersionDate "2024.04.06"]
[SourceQuality "1"]

1. e4 d5 2. exd5 Qxd5 3. d4 Bf5 4. Nf3 e6 5. c4 Qa5+ 6. Nc3 Bb4 7. Qb3 Nf6 8.
Bd2 Na6 9. a3 Bxc3 10. Bxc3 Qb6 11. Qd1 O-O-O 12. c5 Rxd4 13. cxb6 Rxd1+ 14.
Rxd1 axb6 15. Bxf6 gxf6 16. Bd3 1-0

[Event "UK Armed Services Championship"]
[Site "Wittering"]
[Date "2024.04.05"]
[Round "1.8"]
[White "Howard, Edward"]
[Black "O'Brien, Anthony T"]
[Result "0-1"]
[WhiteElo "1400"]
[BlackElo "1847"]
[PlyCount "70"]
[EventDate "2024.04.05"]
[EventType "swiss"]
[EventRounds "7"]
[EventCountry "ENG"]
[SourceTitle "BritBase"]
[Source "John Saunders"]
[SourceDate "2024.05.09"]
[SourceVersion "1"]
[SourceVersionDate "2024.04.06"]
[SourceQuality "1"]

1. e4 e6 2. d4 d5 3. exd5 exd5 4. Nf3 Nf6 5. Be2 Bd6 6. O-O Be6 7. Be3 c6 8.
Nbd2 Nbd7 9. c3 Qc7 10. h3 O-O-O 11. Bd3 h6 12. Qc2 Rdg8 13. Rfe1 g5 14. Kf1 g4
15. Ng1 gxh3 16. Nxh3 Bh2 17. Bf5 Nh5 18. Bxe6 fxe6 19. Nb3 Rf8 20. Ke2 Bf4 21.
Qg6 Bxe3 22. Kxe3 Nf4 23. Qg3 Rhg8 24. Qxg8 Rxg8 25. Nxf4 e5 26. Ne6 exd4+ 27.
Nbxd4 Qe5+ 28. Kd2 Qh2 29. Nf5 Rxg2 30. Ne7+ Kb8 31. Re2 Ne5 32. Rf1 Ng4 33.
Ke1 Rg1 34. f3 Rxf1+ 35. Kxf1 Qh1# 0-1

[Event "UK Armed Services Championship"]
[Site "Wittering"]
[Date "2024.04.05"]
[Round "1.9"]
[White "Millener, Richard P"]
[Black "Brewer, Sam"]
[Result "1-0"]
[WhiteElo "1845"]
[BlackElo "1397"]
[PlyCount "93"]
[EventDate "2024.04.05"]
[EventType "swiss"]
[EventRounds "7"]
[EventCountry "ENG"]
[SourceTitle "BritBase"]
[Source "John Saunders"]
[SourceDate "2024.05.09"]
[SourceVersion "1"]
[SourceVersionDate "2024.04.06"]
[SourceQuality "1"]

1. d4 Nf6 2. Nc3 g6 3. e4 d5 4. e5 Ne4 5. Nxe4 dxe4 6. Be3 Nc6 7. c3 e6 8. Ne2
b5 9. Ng3 Qd5 10. a4 b4 11. c4 Qa5 12. b3 Bb7 13. Qc2 Bg7 14. O-O-O O-O-O 15.
Nxe4 Nxe5 16. Nc5 Nd7 17. Nxb7 Kxb7 18. Qe4+ Kb8 19. g3 Nf6 20. Qf3 Qf5 21.
Qxf5 exf5 22. f3 Rhe8 23. Bf2 a5 24. Bd3 c6 25. h4 h5 26. Rhe1 Kc7 27. Be3 Re6
28. Bf4+ Kb7 29. Be5 Ne8 30. Bxg7 Nxg7 31. d5 cxd5 32. cxd5 Rxe1 33. Rxe1 Rxd5
34. Re7+ Kb6 35. Bc4 Rd6 36. Bxf7 Rd3 37. Bc4 Rxf3 38. Rxg7 Rxg3 39. Kd2 f4 40.
Ke2 Kc5 41. Rf7 Rg4 42. Rf6 Kd4 43. Ra6 Rxh4 44. Rxg6 Rg4 45. Rd6+ Kc5 46. Rd5+
Kb6 47. Rxh5 1-0

[Event "UK Armed Services Championship"]
[Site "Wittering"]
[Date "2024.04.05"]
[Round "1.10"]
[White "Opaleye, Toluwaniyi"]
[Black "Kelly, Richard"]
[Result "0-1"]
[WhiteElo "1395"]
[BlackElo "1813"]
[PlyCount "106"]
[EventDate "2024.04.05"]
[EventType "swiss"]
[EventRounds "7"]
[EventCountry "ENG"]
[SourceTitle "BritBase"]
[Source "John Saunders"]
[SourceDate "2024.05.09"]
[SourceVersion "1"]
[SourceVersionDate "2024.04.06"]
[SourceQuality "1"]

1. e4 e6 2. d4 d5 3. Nc3 Nf6 4. e5 Nfd7 5. Nf3 a6 6. Bd3 c5 7. Be3 c4 8. Be2 b5
9. a3 Be7 10. b3 cxb3 11. cxb3 Nc6 12. b4 O-O 13. O-O f6 14. exf6 Nxf6 15. Ne5
Nxe5 16. dxe5 Nd7 17. f4 Nb6 18. Bd3 g6 19. Qc2 Nc4 20. Bxc4 dxc4 21. Ne4 Bb7
22. Nc5 Bd5 23. g3 Qc7 24. a4 Qc6 25. a5 Rfd8 26. Rad1 Bxc5 27. Bxc5 Be4 28.
Qe2 Bd3 29. Qf3 Qxf3 30. Rxf3 Be2 31. Rxd8+ Rxd8 32. Re3 Rd1+ 33. Kg2 Bd3 34.
Rf3 Be4 35. Kf2 Bxf3 36. Kxf3 c3 37. Be3 c2 38. Ke2 c1=Q 39. Bxc1 Rxc1 40. Kf3
Rc4 41. Kg4 Rxb4 42. Kg5 Kg7 43. g4 Re4 44. h3 b4 45. f5 Rxe5 46. Kf4 Re1 47.
h4 b3 48. h5 b2 49. hxg6 b1=Q 50. Kg5 Qc1+ 51. Kh4 exf5 52. gxf5 Qf4+ 53. Kh5
Rh1# 0-1

[Event "UK Armed Services Championship"]
[Site "Wittering"]
[Date "2024.04.05"]
[Round "1.11"]
[White "Foulds, Andrew"]
[Black "Jennings, Jim"]
[Result "1-0"]
[WhiteElo "1792"]
[BlackElo "1383"]
[PlyCount "85"]
[EventDate "2024.04.05"]
[EventType "swiss"]
[EventRounds "7"]
[EventCountry "ENG"]
[SourceTitle "BritBase"]
[Source "John Saunders"]
[SourceDate "2024.05.09"]
[SourceVersion "1"]
[SourceVersionDate "2024.04.06"]
[SourceQuality "1"]

1. d4 d5 2. c4 Nf6 3. Nc3 c6 4. Nf3 e6 5. Bg5 Nbd7 6. e3 Be7 7. Qc2 h6 8. Bh4
a6 9. Bd3 b5 10. cxd5 Nxd5 11. Bxe7 Qxe7 12. Nxd5 cxd5 13. O-O Bb7 14. Qc7 Nf6
15. Rfc1 Qxc7 16. Rxc7 Bc8 17. Rac1 O-O 18. Ne5 Rd8 19. Nxf7 Rd7 20. Ne5 Rxc7
21. Rxc7 Ne8 22. Rc6 g5 23. h3 Nf6 24. Bg6 Bd7 25. Nxd7 Nxd7 26. Rxe6 Nf8 27.
Rc6 Kg7 28. Bf5 Ra7 29. g4 a5 30. Rc5 Nd7 31. Rxd5 Nf6 32. Rxb5 h5 33. Kg2 a4
34. a3 h4 35. e4 Rc7 36. e5 Ne8 37. Rb8 Kf8 38. Bg6 Re7 39. Rxe8+ Rxe8 40. Bxe8
Kxe8 41. Kf3 Ke7 42. d5 Kd7 43. Ke4 1-0

[Event "UK Armed Services Championship"]
[Site "Wittering"]
[Date "2024.04.05"]
[Round "1.12"]
[White "Bridge, Michael"]
[Black "Sherpa, Ngadi"]
[Result "0-1"]
[WhiteElo "1376"]
[BlackElo "1791"]
[PlyCount "128"]
[EventDate "2024.04.05"]
[EventType "swiss"]
[EventRounds "7"]
[EventCountry "ENG"]
[SourceTitle "BritBase"]
[Source "John Saunders"]
[SourceDate "2024.05.09"]
[SourceVersion "1"]
[SourceVersionDate "2024.04.06"]
[SourceQuality "1"]

1. e4 c5 2. Nf3 Nc6 3. d4 cxd4 4. Nxd4 e6 5. Bb5 Bb4+ 6. c3 Be7 7. O-O Nf6 8.
Re1 O-O 9. b4 Qb6 10. Ba4 Nxd4 11. Qxd4 Qxd4 12. cxd4 Bxb4 13. Bd2 Be7 14. e5
Nd5 15. a3 f6 16. f4 fxe5 17. fxe5 Rb8 18. Bb3 Nc7 19. Bb4 Bxb4 20. axb4 a6 21.
Nd2 b5 22. Rac1 Na8 23. Ne4 Bb7 24. Nc5 Rfd8 25. Rf1 Nc7 26. Rf2 Bc6 27. Nxd7
Rxd7 28. Rxc6 Re7 29. Rfc2 Rb7 30. g3 h6 31. Kg2 Ra7 32. h3 Kf7 33. Rf2+ Ke8
34. h4 a5 35. bxa5 Rxa5 36. Rfc2 Ra7 37. Kh3 Kd8 38. Rd6+ Rd7 39. Rcc6 Rxd6 40.
exd6 Nd5 41. Bxd5 exd5 42. Rc5 Rb7 43. Rxd5 b4 44. Re5 b3 45. Re1 b2 46. Rb1
Kd7 47. Kg4 Kxd6 48. Kf4 Kd5 49. Ke3 Rb3+ 50. Ke2 Kxd4 51. Kd2 Rxg3 52. Kc2 Kc4
53. Rh1 Rg2+ 54. Kb1 g5 55. hxg5 hxg5 56. Rh8 g4 57. Rc8+ Kd3 58. Rd8+ Ke3 59.
Re8+ Kf3 60. Rf8+ Kg3 61. Rh8 Rf2 62. Rg8 Kh3 63. Rg7 g3 64. Rg8 Kh2 0-1

[Event "UK Armed Services Championship"]
[Site "Wittering"]
[Date "2024.04.05"]
[Round "1.13"]
[White "Chwieseni, Edward I"]
[Black "Lucas-Divers, Zamira"]
[Result "1-0"]
[WhiteElo "1788"]
[BlackElo "1363"]
[PlyCount "75"]
[EventDate "2024.04.05"]
[EventType "swiss"]
[EventRounds "7"]
[EventCountry "ENG"]
[SourceTitle "BritBase"]
[Source "John Saunders"]
[SourceDate "2024.05.09"]
[SourceVersion "1"]
[SourceVersionDate "2024.04.06"]
[SourceQuality "1"]

1. e4 e5 2. Nf3 Nc6 3. d4 d6 4. Bb5 Bd7 5. O-O Nf6 6. Bg5 g6 7. Nc3 Bg7 8. Nd5
O-O 9. Bxc6 bxc6 10. Nxf6+ Bxf6 11. Bxf6 Qxf6 12. dxe5 Qe7 13. exd6 Qxd6 14.
Qxd6 cxd6 15. Rad1 Be6 16. Rxd6 Bxa2 17. b3 Rfb8 18. Rxc6 Bxb3 19. cxb3 Rxb3
20. h3 a5 21. Rfc1 Kg7 22. Rc8 Ra7 23. R1c7 Rbb7 24. Rxb7 Rxb7 25. Ra8 Rb1+ 26.
Kh2 Ra1 27. Nd4 a4 28. Nb5 f5 29. exf5 gxf5 30. Ra6 Kf7 31. Nc3 a3 32. Nb5 Rb1
33. Nxa3 Rb2 34. f3 Ke7 35. Nc4 Rc2 36. Ne3 Rd2 37. Nxf5+ Kd7 38. Ng3 1-0

[Event "UK Armed Services Championship"]
[Site "Wittering"]
[Date "2024.04.05"]
[Round "1.15"]
[White "Rossetti, Oliver"]
[Black "Bradley, Eric"]
[Result "0-1"]
[WhiteElo "1762"]
[BlackElo "1317"]
[PlyCount "80"]
[EventDate "2024.04.05"]
[EventType "swiss"]
[EventRounds "7"]
[EventCountry "ENG"]
[SourceTitle "BritBase"]
[Source "John Saunders"]
[SourceDate "2024.05.09"]
[SourceVersion "1"]
[SourceVersionDate "2024.04.06"]
[SourceQuality "1"]

1. d4 c6 2. c4 Qc7 3. Nc3 d6 4. g3 Nd7 5. Bg2 Ngf6 6. Nh3 h6 7. O-O e5 8. e3
Be7 9. f4 g5 10. fxg5 hxg5 11. Nxg5 Nf8 12. Nce4 Rh6 13. Nxf6+ Bxf6 14. Qf3
Bxg5 15. h4 Rf6 16. Qh5 Rxf1+ 17. Bxf1 Be7 18. Bd2 Be6 {(=)} 19. d5 cxd5 20.
cxd5 Bxd5 21. Rc1 Qb6 22. b3 a5 23. Bh3 a4 24. b4 Bxa2 25. Qd1 d5 26. Rc8+ Rxc8
27. Bxc8 Bb3 28. Qh5 Qc7 29. Bf5 a3 30. Qe2 a2 31. Qb5+ Qc6 32. Qa5 Qa4 33.
Qxa4+ Bxa4 34. Bc3 Bxb4 35. Bxe5 Nd7 36. Bb2 b5 37. Kf2 Ba3 38. Bg7 f6 39.
Bxd7+ Kf7 40. Be8+ Kxg7 0-1

[Event "UK Armed Services Championship"]
[Site "Wittering"]
[Date "2024.04.05"]
[Round "1.16"]
[White "Reynolds, Ellis"]
[Black "Altaykan, Metin"]
[Result "0-1"]
[WhiteElo "1305"]
[BlackElo "1744"]
[PlyCount "58"]
[EventDate "2024.04.05"]
[EventType "swiss"]
[EventRounds "7"]
[EventCountry "ENG"]
[SourceTitle "BritBase"]
[Source "John Saunders"]
[SourceDate "2024.05.09"]
[SourceVersion "1"]
[SourceVersionDate "2024.04.06"]
[SourceQuality "1"]

1. e4 c5 2. Nf3 e6 3. d4 cxd4 4. Nxd4 Nc6 5. Bb5 Qc7 6. O-O Nf6 7. Nc3 Bb4 8.
Re1 O-O 9. Bg5 Bxc3 10. bxc3 Qe5 11. f4 Qc5 12. Bxc6 bxc6 13. Bxf6 gxf6 14. Re3
Ba6 15. Rh3 Rfb8 16. Qg4+ Kf8 17. Rxh7 Ke7 18. Qg7 Rf8 19. e5 fxe5 20. Qg5+ Ke8
21. Re1 Qxc3 22. Nf3 Qxc2 23. Rg7 exf4 24. Rg8 Qh7 25. Rg7 Qc2 26. Ne5 Qc5+ 27.
Kh1 d6 28. h3 dxe5 29. Rxe5 Qe7 0-1

[Event "UK Armed Services Championship"]
[Site "Wittering"]
[Date "2024.04.05"]
[Round "1.17"]
[White "Barnes, David"]
[Black "Drummond, Iestyn"]
[Result "1-0"]
[WhiteElo "1738"]
[BlackElo "1300"]
[PlyCount "65"]
[EventDate "2024.04.05"]
[EventType "swiss"]
[EventRounds "7"]
[EventCountry "ENG"]
[SourceTitle "BritBase"]
[Source "John Saunders"]
[SourceDate "2024.05.09"]
[SourceVersion "1"]
[SourceVersionDate "2024.04.06"]
[SourceQuality "1"]

1. e4 e6 2. c4 d5 3. cxd5 exd5 4. Qb3 Be6 5. Qxb7 Nd7 6. exd5 Bf5 7. Nc3 a6 8.
d4 Ngf6 9. Nf3 Nb6 10. Bxa6 Bd6 11. Bb5+ Nbd7 12. Bc6 Qe7+ 13. Be3 O-O 14. Qxa8
Rxa8 15. Bxa8 Nb6 16. Bc6 Nc4 17. O-O Nxe3 18. Rfe1 Bf4 19. Nd1 Bg4 20. Nxe3
Bxf3 21. gxf3 Qd6 22. Ng4 h5 23. Nxf6+ Qxf6 24. Re4 Qg5+ 25. Kf1 Bxh2 26. Ke2
Qg2 27. a4 Bg3 28. Rf1 h4 29. Bd7 g6 30. Rg4 Kg7 31. a5 Kh6 32. Be8 Kg7 33. a6
1-0

[Event "UK Armed Services Championship"]
[Site "Wittering"]
[Date "2024.04.05"]
[Round "1.18"]
[White "Mawer, Thomas"]
[Black "Taylor, Harry"]
[Result "0-1"]
[WhiteElo "1300"]
[BlackElo "1730"]
[PlyCount "76"]
[EventDate "2024.04.05"]
[EventType "swiss"]
[EventRounds "7"]
[EventCountry "ENG"]
[SourceTitle "BritBase"]
[Source "John Saunders"]
[SourceDate "2024.05.09"]
[SourceVersion "1"]
[SourceVersionDate "2024.04.06"]
[SourceQuality "1"]

1. e4 c6 2. Nc3 d5 3. exd5 cxd5 4. Bb5+ Nc6 5. d4 Nf6 6. h3 Bf5 7. Nf3 a6 8.
Ba4 b5 9. Bb3 e6 10. O-O Bd6 11. a3 O-O 12. Ba2 Rc8 13. b4 Nxb4 14. axb4 Rxc3
15. Bd2 Rxc2 16. Bb1 Rc6 17. Bxf5 exf5 18. Qb3 Ne4 19. Kh1 Bb8 20. Qb2 Qc7 21.
Be1 Ng5 22. Ne5 f6 23. f4 fxe5 24. fxg5 Rc2 25. Qb3 Rc4 26. Bg3 f4 27. Bh2 e4
28. Rxa6 Rxd4 29. Re6 Qc4 30. Qb1 Qd3 31. Qa1 Rxb4 32. Re7 Qd4 33. Qa6 Rc4 34.
Bg1 Qb2 35. Qe6+ Kh8 36. Rxf4 Bxf4 37. Re8 Qa3 38. Qe7 Qxe7 0-1

[Event "UK Armed Services Championship"]
[Site "Wittering"]
[Date "2024.04.05"]
[Round "1.19"]
[White "Driscoll, Mark"]
[Black "Price, Jamie"]
[Result "1-0"]
[WhiteElo "1720"]
[BlackElo "1300"]
[PlyCount "75"]
[EventDate "2024.04.05"]
[EventType "swiss"]
[EventRounds "7"]
[EventCountry "ENG"]
[SourceTitle "BritBase"]
[Source "John Saunders"]
[SourceDate "2024.05.09"]
[SourceVersion "1"]
[SourceVersionDate "2024.04.06"]
[SourceQuality "1"]

1. d4 d5 2. Bf4 Nf6 3. Nf3 c5 4. e3 Nc6 5. Ne5 Bf5 6. Bb5 Qb6 7. Nc3 e6 8. dxc5
Bxc5 9. O-O O-O 10. Bxc6 bxc6 11. Na4 Qb5 12. Nxc5 Qxc5 13. c3 Rfd8 14. Qd4 Qb5
15. b4 h6 16. a4 Qb6 17. Qxb6 axb6 18. Nxc6 Rdc8 19. Ne7+ Kh8 20. Nxc8 Rxc8 21.
Be5 Rc4 22. Bxf6 gxf6 23. Rfc1 Rg4 24. f4 Be4 25. g3 h5 26. c4 h4 27. Kf2 e5
28. cxd5 Bxd5 29. Rc8+ Kg7 30. Rd1 Be4 31. Rdd8 hxg3+ 32. hxg3 Kh6 33. Rh8+ Bh7
34. a5 bxa5 35. bxa5 exf4 36. exf4 f5 37. a6 f6 38. a7 1-0

[Event "UK Armed Services Championship"]
[Site "Wittering"]
[Date "2024.04.05"]
[Round "1.20"]
[White "Rai, Rajip"]
[Black "Ross, David C (snr)"]
[Result "1/2-1/2"]
[WhiteElo "1300"]
[BlackElo "1710"]
[PlyCount "54"]
[EventDate "2024.04.05"]
[EventType "swiss"]
[EventRounds "7"]
[EventCountry "ENG"]
[SourceTitle "BritBase"]
[Source "John Saunders"]
[SourceDate "2024.05.09"]
[SourceVersion "1"]
[SourceVersionDate "2024.04.06"]
[SourceQuality "1"]

1. e4 e5 2. Nf3 Nc6 3. Bc4 Nf6 4. Nc3 Be7 5. d3 d6 6. Bb5 O-O 7. O-O Bg4 8. Be3
a6 9. Bc4 Na5 10. Bb3 Nxb3 11. axb3 c6 12. d4 Qc7 13. dxe5 dxe5 14. Qe2 Bb4 15.
Bg5 Be7 16. Rfd1 Rad8 17. Rd3 Rxd3 18. Qxd3 Rd8 19. Qe3 h6 20. Bh4 Bxf3 21.
Qxf3 Rd2 22. Rd1 Rxc2 23. Bxf6 Bxf6 24. Qf5 Qa5 25. Qc8+ Kh7 26. Qf5+ Kg8 27.
Qc8+ Kh7 1/2-1/2

[Event "UK Armed Services Championship"]
[Site "Wittering"]
[Date "2024.04.05"]
[Round "1.21"]
[White "Morrison, Munroe L"]
[Black "Eddershaw, John HT"]
[Result "1-0"]
[WhiteElo "1701"]
[BlackElo "1273"]
[PlyCount "69"]
[EventDate "2024.04.05"]
[EventType "swiss"]
[EventRounds "7"]
[EventCountry "ENG"]
[SourceTitle "BritBase"]
[Source "John Saunders"]
[SourceDate "2024.05.09"]
[SourceVersion "1"]
[SourceVersionDate "2024.04.06"]
[SourceQuality "1"]

1. e4 e5 2. Nf3 d6 3. Nc3 Nc6 4. Bb5 Bd7 5. Bxc6 Bxc6 6. Qe2 Nf6 7. d4 exd4 8.
Nxd4 Bd7 9. Bf4 g6 10. O-O-O Bg7 11. Rhe1 O-O 12. Qd2 Re8 13. f3 a6 14. g4 Re7
15. h4 Nxg4 16. fxg4 Bxg4 17. Nde2 Bxc3 18. Qxc3 Qf8 19. Bg5 Rxe4 20. Ng3 Rxe1
21. Rxe1 Qg7 22. Qxc7 Be6 23. Qxb7 Rc8 24. Rxe6 Rxc2+ 25. Kxc2 fxe6 26. Qc8+
Kf7 27. Qd7+ Kg8 28. Qxe6+ Qf7 29. Qxf7+ Kxf7 30. Kd3 Ke6 31. Kd4 a5 32. b3 Kd7
33. Kd5 h5 34. Ne4 Kc7 35. Nxd6 1-0

[Event "UK Armed Services Championship"]
[Site "Wittering"]
[Date "2024.04.05"]
[Round "1.22"]
[White "Duxbury, Daniel"]
[Black "Hill, Thomas"]
[Result "0-1"]
[WhiteElo "1260"]
[BlackElo "1675"]
[PlyCount "50"]
[EventDate "2024.04.05"]
[EventType "swiss"]
[EventRounds "7"]
[EventCountry "ENG"]
[SourceTitle "BritBase"]
[Source "John Saunders"]
[SourceDate "2024.05.09"]
[SourceVersion "1"]
[SourceVersionDate "2024.04.06"]
[SourceQuality "1"]

1. c4 e5 2. g3 Nc6 3. Bg2 Bc5 4. Nc3 Nf6 5. e4 d6 6. h3 Be6 7. d3 a5 8. Nge2
Nd4 9. O-O Qd7 10. Kh2 h5 11. Bg5 Ng4+ 12. hxg4 hxg4+ 13. Kg1 Nf3+ 14. Bxf3
gxf3 15. Nc1 Rh5 16. Bd2 Bh3 17. Qxf3 Bg4 18. Qg2 O-O-O 19. Nd5 Rdh8 20. Bxa5
Qe6 21. Bd2 Rh1+ 22. Qxh1 Rxh1+ 23. Kxh1 Bf3+ 24. Kg1 Qh3 25. a3 Qg2# 0-1

[Event "UK Armed Services Championship"]
[Site "Wittering"]
[Date "2024.04.05"]
[Round "1.23"]
[White "Kenyon, James"]
[Black "Bray, Justin"]
[Result "1-0"]
[WhiteElo "1675"]
[BlackElo "1200"]
[PlyCount "65"]
[EventDate "2024.04.05"]
[EventType "swiss"]
[EventRounds "7"]
[EventCountry "ENG"]
[SourceTitle "BritBase"]
[Source "John Saunders"]
[SourceDate "2024.05.09"]
[SourceVersion "1"]
[SourceVersionDate "2024.04.06"]
[SourceQuality "1"]

1. c4 c6 2. d4 d5 3. Nc3 Bf5 4. Bf4 e6 5. Nf3 Bb4 6. cxd5 Bxc3+ 7. bxc3 cxd5 8.
Qb3 Qc8 9. e3 a6 10. Nh4 Bg4 11. Rb1 b5 12. a4 Nd7 13. axb5 Rb8 14. Bxb8 Qxb8
15. bxa6 Qxb3 16. Rxb3 Ne7 17. Bb5 O-O 18. Bxd7 g5 19. a7 gxh4 20. Rb8 h3 21.
gxh3 Bxh3 22. Rg1+ Ng6 23. a8=Q Kg7 24. Rxf8 Kf6 25. Qd8+ Kf5 26. Qg5+ Ke4 27.
Bb5 f5 28. Re8 f4 29. Rxe6+ Bxe6 30. exf4 Nxf4 31. f3+ Kxf3 32. Rf1+ Ke3 33.
Qxf4# 1-0

[Event "UK Armed Services Championship"]
[Site "Wittering"]
[Date "2024.04.05"]
[Round "1.24"]
[White "Finn, Matthew"]
[Black "O'Byrne, Danny"]
[Result "0-1"]
[WhiteElo "1200"]
[BlackElo "1672"]
[PlyCount "66"]
[EventDate "2024.04.05"]
[EventType "swiss"]
[EventRounds "7"]
[EventCountry "ENG"]
[SourceTitle "BritBase"]
[Source "John Saunders"]
[SourceDate "2024.05.09"]
[SourceVersion "1"]
[SourceVersionDate "2024.04.06"]
[SourceQuality "1"]

1. e4 c5 2. Nf3 e6 3. Nc3 a6 4. Bc4 b5 5. Bd3 c4 6. Be2 Bb7 7. d3 d5 8. exd5
exd5 9. Be3 Nf6 10. h3 Bd6 11. Bg5 O-O 12. dxc4 dxc4 13. O-O h6 14. Bxf6 Qxf6
15. Qd4 Qe7 16. Qg4 b4 17. Nd4 bxc3 18. Nf5 Qf6 19. b3 cxb3 20. axb3 Bc8 21.
Ra5 Nc6 22. Bf3 Nxa5 23. Bxa8 Bxf5 24. Qf3 Qe5 25. g3 Bxh3 26. Rd1 Be6 27. Bd5
Bf5 28. b4 Bxc2 29. Rc1 Bb3 30. Bxb3 Nxb3 31. Rxc3 Nd4 32. Re3 Nxf3+ 33. Rxf3
Bxb4 0-1